Pokémon Sauvages - Unys N2B2 [1/2] - Statistiques

Statistiques générales
  • Ce quiz a été pris 13 fois
  • Le résultat moyen est 290 sur 498
Statistiques - réponses
Lieux Pokémon % Correct
B2 Bargantua Motif Bleu
89%
Ombres dans l'eau Bargantua Motif Bleu
89%
B2 Bargantua Motif Bleu
89%
N2 Bargantua Motif Bleu
89%
B2 Bargantua Motif Bleu
89%
B2 Bargantua Motif Bleu
89%
B2 Bargantua Motif Bleu
89%
N2 Bargantua Motif Bleu
89%
B2 Bargantua Motif Bleu
89%
N2 Bargantua Motif Bleu
89%
B2 Bargantua Motif Bleu
89%
N2 Bargantua Motif Bleu
89%
B2 Bargantua Motif Bleu
89%
N2 Bargantua Motif Bleu
89%
B2 Bargantua Motif Bleu
89%
N2 Bargantua Motif Bleu
89%
B2 Bargantua Motif Bleu
89%
N2 Bargantua Motif Bleu
89%
B2 Bargantua Motif Bleu
89%
N2 Bargantua Motif Bleu
89%
B2 Bargantua Motif Bleu
89%
N2 Bargantua Motif Bleu
89%
B2 Bargantua Motif Bleu
89%
N2 Bargantua Motif Bleu
89%
B2 Bargantua Motif Bleu
89%
N2 Bargantua Motif Bleu
89%
B2 Bargantua Motif Bleu
89%
N2 Bargantua Motif Bleu
89%
B2 Bargantua Motif Bleu
89%
N2 Bargantua Motif Bleu
89%
B2 Bargantua Motif Bleu
89%
N2 Bargantua Motif Bleu
89%
B2 Bargantua Motif Bleu
89%
N2 Bargantua Motif Bleu
89%
B2 Bargantua Motif Bleu
89%
N2 Bargantua Motif Bleu
89%
B2 Bargantua Motif Bleu
89%
N2 Bargantua Motif Bleu
89%
B2 Bargantua Motif Bleu
89%
N2 Bargantua Motif Bleu
89%
B2 Bargantua Motif Bleu
89%
Bargantua Motif Bleu
89%
B2 Bargantua Motif Bleu
89%
N2 Bargantua Motif Bleu
89%
Pavonnay N2 Sur l'eau Bargantua Motif Rouge
89%
Bargantua Motif Rouge
89%
N2 Bargantua Motif Rouge
89%
B2 Bargantua Motif Rouge
89%
N2 Sur l'eau Bargantua Motif Rouge
89%
N2 Ombres dans l'eau Bargantua Motif Rouge
89%
N2 Bargantua Motif Rouge
89%
B2 Bargantua Motif Rouge
89%
N2 Bargantua Motif Rouge
89%
B2 Bargantua Motif Rouge
89%
N2 Bargantua Motif Rouge
89%
B2 Bargantua Motif Rouge
89%
N2 Bargantua Motif Rouge
89%
B2 Bargantua Motif Rouge
89%
N2 Bargantua Motif Rouge
89%
B2 Bargantua Motif Rouge
89%
N2 Bargantua Motif Rouge
89%
B2 Bargantua Motif Rouge
89%
N2 Bargantua Motif Rouge
89%
B2 Bargantua Motif Rouge
89%
N2 Bargantua Motif Rouge
89%
B2 Bargantua Motif Rouge
89%
N2 Bargantua Motif Rouge
89%
B2 Bargantua Motif Rouge
89%
N2 Bargantua Motif Rouge
89%
B2 Bargantua Motif Rouge
89%
N2 Bargantua Motif Rouge
89%
B2 Bargantua Motif Rouge
89%
N2 Bargantua Motif Rouge
89%
B2 Bargantua Motif Rouge
89%
N2 Bargantua Motif Rouge
89%
B2 Bargantua Motif Rouge
89%
N2 Bargantua Motif Rouge
89%
B2 Bargantua Motif Rouge
89%
N2 Bargantua Motif Rouge
89%
B2 Bargantua Motif Rouge
89%
N2 Bargantua Motif Rouge
89%
B2 Bargantua Motif Rouge
89%
N2 Bargantua Motif Rouge
89%
B2 Bargantua Motif Rouge
89%
N2 Bargantua Motif Rouge
89%
Bargantua Motif Rouge
89%
N2 Bargantua Motif Rouge
89%
B2 Bargantua Motif Rouge
89%
Chacripan
89%
Chacripan
89%
Chacripan
89%
Route 19 Hautes herbes Ratentif
89%
Hautes herbes remuantes Ratentif
89%
Ratentif
89%
Ratentif
89%
Ratentif
89%
Ratentif
89%
Ratentif
89%
Grotte Électrolithe En marchant Statitik
89%
Statitik
89%
Tutafeh
89%
Sur l'eau Azurill
78%
Azurill
78%
Sur l'eau Azurill
78%
Cryptéro
78%
Cryptéro
78%
Darumarond
78%
Darumarond
78%
Darumarond
78%
Darumarond
78%
Tour des cieux En marchant Funécire
78%
Manoir de l'Étrange En marchant Funécire
78%
Gaulet
78%
Faux objet Gaulet
78%
Ombres dans l'eau Mamanbo
78%
Ombres dans l'eau Mamanbo
78%
Ombres dans l'eau Marill
78%
Ombres dans l'eau Marill
78%
Marill
78%
Sur l'eau Marill
78%
Ombres dans l'eau Marill
78%
Marill
78%
Sur l'eau Marill
78%
Ombres dans l'eau Marill
78%
Marill
78%
Sur l'eau Marill
78%
Ombres dans l'eau Marill
78%
Marill
78%
Route 4 Sable Mascaïman
78%
Désert Délassant/ entrée Sable Mascaïman
78%
zone principale Sable Mascaïman
78%
Pokémon de N Mascaïman
78%
Château Enfoui Sable Mascaïman
78%
Hautes herbes remuantes Nanméouïe
78%
Hautes herbes remuantes Nanméouïe
78%
Hautes herbes remuantes Nanméouïe
78%
Hautes herbes remuantes Nanméouïe
78%
Hautes herbes remuantes Nanméouïe
78%
Hautes herbes remuantes Nanméouïe
78%
Hautes herbes remuantes Nanméouïe
78%
Hautes herbes remuantes Nanméouïe
78%
Hautes herbes remuantes Nanméouïe
78%
Longues herbes remuantes Nanméouïe
78%
Hautes herbes remuantes Nanméouïe
78%
Hautes herbes remuantes Nanméouïe
78%
Hautes herbes remuantes Nanméouïe
78%
Hautes herbes remuantes Nanméouïe
78%
Hautes herbes remuantes Nanméouïe
78%
Hautes herbes remuantes Nanméouïe
78%
Route 20 Hautes herbes Poichigeon
78%
Herbes sombres Poichigeon
78%
Poichigeon
78%
Poichigeon
78%
Poichigeon
78%
Ranch d'Amaillide Hautes herbes Ponchiot
78%
Riolu
78%
Nuages de poussière Rototaupe
78%
Nuages de poussière Rototaupe
78%
Herbes sombres Scobolide
78%
Trompignon
78%
Faux objet Trompignon
78%
Trompignon
78%
Faux objet Trompignon
78%
Venipatte
78%
Venipatte
78%
Ondes-sur-Mer Sur l'eau Viskuse
78%
Sur l'eau Viskuse
78%
Sur l'eau Viskuse
78%
Vaguelone Sur l'eau Viskuse
78%
Baie Vaguelone Sur l'eau Viskuse
78%
Sur l'eau Viskuse
78%
Route 6 Hautes herbes/Herbes sombres Vivaldaim
78%
Vivaldaim
78%
Wattouat
78%
Azumarill
67%
Azumarill
67%
Azumarill
67%
Azumarill
67%
Azumarill
67%
Azumarill
67%
Azumarill
67%
Azumarill
67%
Azumarill
67%
B2 Chinchidou
67%
Chinchidou
67%
Chinchidou
67%
Route 9 Hautes herbes/Herbes sombres Chinchidou
67%
Colombeau
67%
Route 7 Longues herbes/Longues herbes sombres Colombeau
67%
Colombeau
67%
Pont Yoneuve Ombres Couaneton
67%
Coupenotte
67%
Couverdure
67%
Couverdure
67%
Darumacho
67%
B2 Élekid
67%
B2 Élekid
67%
Escroco
67%
Feuillajou
67%
Flamajou
67%
Flotajou
67%
Grindur
67%
Grindur
67%
Larveyette
67%
Larveyette
67%
Larveyette
67%
Route 16 Hautes herbes/Herbes sombres Léopardus
67%
Route 5 Hautes herbes/Herbes sombres Léopardus
67%
Léopardus
67%
N2 Magby
67%
N2 Magby
67%
Ombres dans l'eau Mamanbo
67%
Maracachi
67%
Maracachi
67%
B2 Méios
67%
B2 Méios
67%
Nuages de poussière Minotaupe
67%
Miradar
67%
Moyade
67%
Moyade
67%
Moyade
67%
Moyade
67%
printemps/été/automne Moyade
67%
Moyade
67%
B2 Spécial(le jeudi) Moyade femelle
67%
N2 Spécial(le lundi) Moyade mâle
67%
B2 Nucléos
67%
B2 Nucléos
67%
B2 Nucléos
67%
Spécial Pyrax
67%
Tadmorv
67%
Sur l'eau Tadmorv
67%
Ombres dans l'eau Tadmorv
67%
Pêche Tadmorv
67%
Pêche dans les ombres Tadmorv
67%
Tic
67%
Tic
67%
B2 Chlorobule
56%
B2 Chlorobule
56%
B2 Chlorobule
56%
Chovsourir
56%
Intérieur/ En marchant Chovsourir
56%
Déflaisan
56%
Déflaisan
56%
Déflaisan
56%
N2 Doudouvet
56%
N2 Doudouvet
56%
N2 Doudouvet
56%
Emolga
56%
Emolga
56%
Emolga
56%
Emolga
56%
Emolga
56%
Emolga
56%
Emolga
56%
Emolga
56%
Emolga
56%
Emolga
56%
Emolga
56%
Évoli
56%
N2 Farfaduvet
56%
N2 Farfaduvet
56%
N2 Farfaduvet
56%
B2 Fragilady
56%
B2 Fragilady
56%
B2 Fragilady
56%
Kraknoix
56%
Z.I. d'Ondes-sur-Mer/ entrée Hautes Herbes Magnéti
56%
intérieur Hautes Herbes Magnéti
56%
Manternel
56%
Manternel
56%
Manternel
56%
Miasmax
56%
Nosferapti
56%
hiver Polarhume
56%
Pêche Ptitard
56%
Pêche Ptitard
56%
Pêche Ptitard
56%
Pêche Ptitard
56%
Pêche Ptitard
56%
Scalpion
56%
Séviper
56%
Séviper
56%
Séviper
56%
Smogo
56%
Stari
56%
Ombres dans l'eau Stari
56%
Stari
56%
Ombres sur l'eau Stari
56%
Vibraninf
56%
Ombres dans l'eau Wailmer
56%
Airmure
44%
Route 14 Hautes herbes/Herbes sombres Akwakwak
44%
Akwakwak
44%
Pont du Hameau Hautes herbes/Herbes sombres Akwakwak
44%
Akwakwak
44%
Anchwatt
44%
printemps/été/automne Babimanta
44%
Baggiguane
44%
Baggiguane
44%
Baggiguane
44%
Branette
44%
B2 Camérupt
44%
B2 Camérupt
44%
Caninos
44%
Carabing
44%
Route 11 Hautes herbes/Herbes sombres Carabing
44%
Pêche Carvanha
44%
Pêche dans les ombres Carvanha
44%
B2 Chamallot
44%
B2 Chamallot
44%
Spécial Cobaltium
44%
Crabicoque
44%
Crabicoque
44%
Démanta
44%
Grotte Parsemille En marchant Géolithe
44%
Géolithe
44%
Pokémon de N Géolithe
44%
Géolithe
44%
Grotadmorv
44%
Grotadmorv
44%
Grotadmorv
44%
B2 Le lundi Gueriaigle
44%
Lewsor
44%
Mangriff
44%
Mangriff
44%
Mangriff
44%
N2 Mesmerélla
44%
N2 Mesmerélla
44%
N2 Miamiasme
44%
Miamiasme
44%
Miamiasme
44%
Octillery
44%
Pashmilla
44%
Pashmilla
44%
Pêche Poissirène
44%
Pêche dans les ombres Poissirène
44%
Pêche Poissirène
44%
Pêche dans les ombres Poissirène
44%
Pêche Poissirène
44%
Poissirène
44%
Pêche Poissirène
44%
Pêche dans les ombres Poissirène
44%
Poissoroy
44%
Poissoroy
44%
Poissoroy
44%
Poissoroy
44%
Psykokwak
44%
Volucité Hautes herbes/Herbes sombes Rattata
44%
Égouts de Volucité En marchant Rattata
44%
Rémoraid
44%
Rémoraid
44%
Pêche dans les ombres Rémoraid
44%
B2 Rosabyss
44%
Sabelette
44%
Sabelette
44%
Sabelette
44%
B2 Scarabrute
44%
B2 Scarabrute
44%
N2 Scarhino
44%
N2 Scarhino
44%
N2 Scrutella
44%
N2 Scrutella
44%
N2 Scrutella
44%
N2 Serpang
44%
Sharpedo
44%
Staross
44%
Staross
44%
Tarpaud
44%
Tarpaud
44%
Tarpaud
44%
Tarpaud
44%
Tarpaud
44%
Pêche dans les ombres Têtarte
44%
Pêche dans les ombes Têtarte
44%
Pêche dans les ombres Têtarte
44%
Pêche dans les ombres Têtarte
44%
Têtarte
44%
N2 Le jeudi Vaututrice
44%
Wailord
44%
Zéblitz
44%
Apireine
33%
Apireine
33%
Bois des Illusions Hautes herbes Apitrini
33%
Apitrini
33%
Coquiperl
33%
Spécial Créfollet
33%
Crustabri
33%
Crustabri
33%
B2 Delcatty
33%
Écayon
33%
Écayon
33%
Pêche Écayon
33%
Escargaume
33%
Escargaume
33%
N2 Groret
33%
N2 Groret
33%
Chambre Aquatique N2/Magmatique B2 Heatran
33%
Troupeaux Hélédelle
33%
Kaimorse
33%
Kokiyas
33%
Pêche dans les ombres Kokiyas
33%
Kokiyas
33%
Pêche dans les ombres Kokiyas
33%
Lanturn
33%
N2 Laporeille
33%
Lokhlass
33%
Pêche Loupio
33%
Loupio
33%
Pêche Lovdisc
33%
Lovdisc
33%
Pêche Lovdisc
33%
Lovdisc
33%
Luminéon
33%
Luminéon
33%
Pêche dans les ombres Luminéon
33%
Morphéo
33%
Nosferalto
33%
Nosferalto
33%
hiver Obalie
33%
hiver Phogleur
33%
Troupeaux Ramoloss
33%
Relicanth
33%
Sablaireau
33%
Séléroc
33%
N2 Troupeaux Simularbre
33%
B2 Skitty
33%
Solaroc
33%
N2 Spoink
33%
N2 Spoink
33%
Tournegrin
33%
Tournegrin
33%
Spécial Viridium
33%
Absol
22%
Absol
22%
Altaria
22%
Altaria
22%
salle du fond Sable Balbuto
22%
Bekipan
22%
Bouldeneu
22%
Troupeaux Cacturne
22%
Troupeaux Doduo
22%
Feunard
22%
Galekid
22%
Goupix
22%
Grodrive
22%
Grodrive
22%
Grodrive
22%
Troupeaux Hippodocus
22%
Insolourdo
22%
Insolourdo
22%
Insolourdo
22%
Insolourdo
22%
Insolourdo
22%
Krabboss
22%
Krabboss
22%
Pêche Krabby
22%
Pêche dans les ombres Krabby
22%
Pêche Krabby
22%
Pêche dans les ombres Krabby
22%
Kungfouine
22%
N2 Lockpin
22%
Troupeaux Maskadra
22%
B2 M.Mime
22%
Sur l'eau Mustébouée
22%
Mustébouée
22%
Ombre dans l'eau Mustébouée
22%
Sur l'eau Mustébouée
22%
Ombres dans l'eau Mustébouée
22%
Sur l'eau Mustébouée
22%
Ombres dans l'eau Mustébouée
22%
Mustéflott
22%
Mustéflott
22%
Mustéflott
22%
B2 Négapi
22%
Troupeaux Pomdepik
22%
N2 Troupeaux Posipi
22%
Qwilfish
22%
Qwilfish
22%
Qwilfish
22%
Qwilfish
22%
Mont Renenvers Extérieur/ Hautes herbes/Herbes sombres Rapion
22%
Rapion
22%
Rattatac
22%
Rosélia
22%
Route 12 Hautes herbes Rosélia
22%
Roserade
22%
Roserade
22%
Route 13 Hautes herbes/Herbes sombres Saquedeneu
22%
Tylton
22%
Autel Abondance Hautes herbes/Herbes sombres Tylton
22%
Archéodong
11%
Archéomire
11%
Troupeaux Fouinar
11%
Troupeaux Natu
11%
Scorplane
11%
Scorvol
11%
Tarinor
11%
Aucun quiz correspondant
Distribution des résultats
% des personnes avec chaque résultat
Percentile par nombre de réponses
Votre historique - résultats
Vous n’avez pas pris ce quiz